000 00885njm a2200301Ia 4500
001 26030
003 IT-RoPAU
005 20220918181141.0
008 131025s9999 xx 000 0 und d
040 _aIT-RoPAU
040 _cIT-RoPAU
041 _aITALIANO
999 _c101272
_d101272
999 _bn.d.
100 _aPalestrina Giovanni Pierluigi da
_915291
100 _eAutore musica
_915292
100 _gCodice autore musica SPICS: 10683
_915293
245 _aSerie liturgica-Matrimonio
250 _a1a ed.
260 _aROMA
260 _bEP - MUSICALI E DISCOGRAFICHE
300 _aDISCO
500 _aParlato religioso
505 _aRito del matrimonio
511 _aSacerdote: don L. Zega
650 _aLITURGICO [DISCHI]
_eCodice MATERIA SPICS: 9950
_9966
700 _aBerardi M. Rosaria
_eAutore testo e musica
_gCodice autore testo/musica SPICS: 9319
_915294
942 _cMD
_2ddc